00690nam a22002177a 450000500170000000800410001702000180005804000180007605000210009408200080011510000280012324500820015125000120023326000360024530000270028165000250030865000450033365000430037894200320042199900190045320240229103740.0240229b ||||| |||| 00| 0 eng d a9781451631593 cAIMIT LIBRARY a332.024658bMAIS 21st aMaital, Shlomo.9152443 aExecutive economics : bten essential tools for managers /cby Shlomo Maital. a1st ed. aNew York :bFree Press ,c1994. aix,286 p.;bPBc24 cm. aHidden costs9152444 aDo you know where your costs are9152445 aRacing down the learning curve9152446 2ddccBKe1k332.024658 MAIS c229935d229935